| 000 | 00607nam a2200169Ia 4500 | ||
|---|---|---|---|
| 003 | IN-BaIIA | ||
| 008 | 211028s9999 xx 000 0 eng d | ||
| 040 | _cIIA Library | ||
| 080 |
_a621.394(035) _bHMSO |
||
| 110 |
_aHis Majesty's Stationery Office(HMSO) _912889 |
||
| 245 | 0 |
_aAdmiralty of handbook of wireless telegraphy _bvol.II, wirless telegraphy theory _cHis Majesty's Stationery Office(HMSO) |
|
| 260 |
_aLondon _bHer Majesty's Stationary Office _c1938 |
||
| 300 | _a[various pagings.] | ||
| 500 | _aDonated by Mrs. Bappu | ||
| 650 |
_aWireless Telegraphy. _912890 |
||
| 942 | _cBK | ||
| 999 |
_c7619 _d7619 |
||